OUT OF STEPPE (Record no. 3211)
[ view plain ]
| 000 -LEADER | |
|---|---|
| fixed length control field | 00607nam a22001457a 4500 |
| 020 ## - INTERNATIONAL STANDARD BOOK NUMBER | |
| ISBN | 978-0-099-52499-1 |
| 082 ## - DEWEY DECIMAL CLASSIFICATION NUMBER | |
| Classification number | 823 |
| Item number | MET/O |
| 100 ## - MAIN ENTRY--AUTHOR NAME | |
| Personal name | METCALFE,DANIEL |
| 245 ## - TITLE STATEMENT | |
| Title | OUT OF STEPPE |
| 260 ## - PUBLICATION, DISTRIBUTION, ETC. (IMPRINT) | |
| Place of publication | LONDON |
| Name of publisher | ARROW BOOKS |
| 300 ## - PHYSICAL DESCRIPTION | |
| Number of Pages | 274 |
| 520 ## - SUMMARY, ETC. | |
| Summary, etc | Travelling by train, mule and on foot, in Out of Steppe Daniel tracks down six peoples from all across Central Asia. From the Karakalpaks, whose lives have been irrevocably altered by the desiccated Aral Sea, he meets the last Jews of Bukhara, once renowned for their polygamy (unique amongst Jews).<br/> |
| 650 ## - SUBJECT ADDED ENTRY--TOPICAL TERM | |
| Topical Term | ENGLISH NOVEL |
| Geographic subdivision | LONDON |
| 942 ## - ADDED ENTRY ELEMENTS (KOHA) | |
| Koha item type | Books |
| Withdrawn status | Lost status | Collection code | Home library | Current library | Date acquired | Source of acquisition | Full call number | Accession Number | Koha item type |
|---|---|---|---|---|---|---|---|---|---|
| Fiction | Main Library | Main Library | 30/09/2023 | PURCHASE | 823 MET/O | 05373 | Books |